African Countries with Letter D - Statistics

General Stats
  • This quiz has been taken 184 times
    51 since last reset
  • The average score is 7 of 11
Answer Stats
Country % Correct
D.R. Congo
90%
Djibouti
88%
Chad
76%
Madagascar
73%
Sudan
71%
Rwanda
66%
South Sudan
66%
Uganda
63%
Burundi
59%
Cape Verde
46%
Sao Tome and Principe
17%
No matching quizzes found
Score Distribution
Percent of People with Each Score
Percentile by Number Answered
Your Score History
You have not taken this quiz since the last reset